| 000 | 00805nam a22002297a 4500 | ||
|---|---|---|---|
| 003 | OSt | ||
| 005 | 20250620064319.0 | ||
| 008 | 250620b |||||||| |||| 00| 0 eng d | ||
| 020 | _a978-621-427-221-1 | ||
| 040 |
_aDWCL - Main lib _cOC |
||
| 082 | _aFil. 658.3 C183s 2024 | ||
| 100 | _aCamillar- Serrano, Angelita Ong | ||
| 245 |
_aStrategic human resource management/ _cAngelita Ong, Camilar- Serrano |
||
| 250 | _aSecond edition | ||
| 260 |
_aIntramuros, Manila: _b Unlimited Books Library Services & Publishing Inc., _c c2024. |
||
| 300 |
_ax, 315 pages; _c25cm. |
||
| 504 | _aIncludes bibliographical references and journal articles. | ||
| 650 | _a1. Personnel management. | ||
| 650 | _a2. Strategic planning. | ||
| 760 | _bSecond edition | ||
| 942 |
_2ddc _cBK - FIL _eSecond edition _kFil. _n0 |
||
| 999 |
_c3183 _d3183 |
||